Statystyki dla Kluby Roberta Lewandowskiego

Kliknij tutaj aby rozwiązać quiz!

Ogólne statystyki

  • Ten quiz został rozwiązany 244 razy
  • Średni wynik to 4 z 5

Statystyki odpowiedzi

WskazówkiOdpowiedzi% Poprawnych
2022-Barcelona
99%
2014-2022Bayern
98%
2008-2010Lech Poznań
94%
2010-1014BVB
86%
2006-2008Znicz Pruszków
63%

Rozkład punktacji

Percentyl według liczby udzielonych odpowiedzi

Procent ludzi z każdym wynikiem

Twoja historia wyników

Nie rozwiązałeś tego quizu